Statistics for transformers toys 1984

Click here to take the quiz!

General Stats

  • This quiz has been taken 44 times
  • The average score is 22 of 38

Answer Stats

Hint % Correct
AutobotOptimus Prime
100%
DecepticonMegatron
97%
AutobotBumblebee
94%
AutobotJazz
90%
DecepticonSoundwave
90%
DecepticonStarscream
87%
AutobotIronhide
87%
AutobotProwl
84%
AutobotRatchet
84%
AutobotBluestreak
84%
DecepticonThundercracker
81%
AutobotHound
77%
DecepticonSkywarp
77%
AutobotBrawn
77%
AutobotSunstreaker
77%
AutobotHuffer
77%
AutobotWheeljack
77%
AutobotMirage
77%
AutobotSideswipe
74%
AutobotCliffjumper
71%
AutobotWindcharger
68%
DecepticonRavage
68%
AutobotTrailbreaker
68%
DecepticonRumble
61%
AutobotGears
61%
DecepticonFrenzy
58%
DecepticonBuzzsaw
48%
DecepticonLazerbeak
42%
AutobotOverdrive
13%
AutobotDownshift
13%
AutobotCamshaft
13%
AutobotBumper
6%
AutobotKaltor
3%
AutobotDeceptor
3%
AutobotAutoceptor
3%
AutobotJet Type
0%
AutobotF-1 Type
0%
AutobotDrill Type
0%

Score Distribution

Percentile by Number Answered

Percent of People with Each Score

Your Score History

You have not taken this quiz